000 00850nam a2200265 i 4500
001 bg
100 1 _aNIEZBECKA, Elżbieta
245 1 0 _aPrawne zabezpieczenie wierzytelności bankowych /
_cElżbieta Niezbecka, Andrzej Jakubecki, Jan Mojak.
250 _aStan prawny na dzień 31 marca 2000 r.
260 _aKraków :
_b"Zakamycze",
_c2000.
300 _a595 s. ;
_c20 cm.
490 1 _aMonografie "Zakamycza"
650 9 _aBanki
_xprawo
_zPolska
_ystan na 2000 r.
650 9 _aZabezpieczenie wierzytelności
_xprawo
_zPolska
_ystan na 2000 r.
700 1 _aJAKUBECKI, Andrzej
700 1 _aMOJAK, Jan
830 _aMonografie "Zakamycza"
020 _a8388551043
040 _cBPK
041 0 _apl
080 _a347.734:347.735:347.45/.46](438)
920 _a83-88551-04-3
942 _cKS
008 s pl f |000 0 pol
999 _c38952
_d38952
856 _uhttp://koha.tu.koszalin.pl/cgi-bin/koha/opac-detail.pl?biblionumber=38952
_yKatalog online BPK